Estatísticas para Matemática - Equação do 1° grau

Clique aqui para jogar o quiz

Estatísticas Gerais

  • Esse quiz foi jogado 1 192 vezes
  • A pontuação média é 4 de 5

Estatísticas das Respostas

EquaçõesRespostas (X)% Correto
4x - 3 = 52
94%
2x + 21 = 9x3
93%
3x - 4 = 2x + 26
84%
5x - 5 = 5*67
84%
10x - 13 = 2x +275
83%
2(x+3) = 7x + 11
82%
(x/2) - 2 = 04
82%
6x - 31 = 10x + 5-9
79%
2x - 5 = x + 9*223
75%
3x + 7 = (5x/2)-14
60%
(2x/3) + 2 = 8*5 - 254
55%
3x = (14/7)0,666...
45%

Distribuição das Pontuações

Percentil de Números Respondidos

Porcentagem de Pessoas com Cada Pontuação

Sua Pontuação Histórica

Você não jogou esse quiz